[Event "Olot op"]
[Site "Olot"]
[Date "1994.??.??"]
[Round "?"]
[White "Gomez Esteban, Juan Mario"]
[Black "Wehmeier, Stefan"]
[Result "0-1"]
[WhiteElo "2465"]
[BlackElo "2325"]

1.d4 Nf6 2.c4 e6 3.Nc3 Bb4 4.Qc2 O-O 5.a3 Bxc3+ 6.Qxc3 b6 7.Bg5 Bb7 8.f3 h6
9.Bh4 d5 10.cxd5 exd5 11.e3 Re8 12.O-O-O Qe7 13.Kb1 c6 14.Bd3 Nbd7 15.Bf2 c5
16.Ne2 c4 17.Bc2 b5 18.Qa5 Bc6 19.Ng3 Nb6 20.Nf5 Qd7 21.g4 Kh8 22.h4 Ng8
23.g5 h5 24.Ng3 g6 25.e4 Ne7 26.e5 Rab8 27.f4 b4 28.axb4 Ba4 29.Bxa4 Nxa4
30.Be1 Nb6 31.Bc3 Nf5 32.Nf1 Re6 33.Kc2 Nc8 34.Ra1 Rb5 35.Qa4 Reb6 36.Kc1 Rb7
37.Rh2 Nce7 38.Qd1 Nc6 39.Ra4 Nxb4 40.Bxb4 Rxb4 41.Rxb4 Rxb4 42.Rh3 Qb5  0-1

[Event "Orel2"]
[Site "Orel"]
[Date "1994.??.??"]
[Round "5"]
[White "Savon, Vladimir A"]
[Black "Anapolsky, Sergey"]
[Result "1/2-1/2"]
[WhiteElo "2425"]
[BlackElo "2455"]

1.d4 Nf6 2.c4 e6 3.Nc3 Bb4 4.Qc2 O-O 5.a3 Bxc3+ 6.Qxc3 b6 7.Bg5 Bb7 8.e3 d6
9.f3 h6 10.Bh4 Nbd7 11.Bd3 c5 12.Ne2 Rc8 13.O-O cxd4 14.exd4 d5 15.Qb3 e5
16.cxd5 exd4 17.Qd1 Ne5 18.Bf5 Rc5 19.Qxd4 Rxd5 20.Qc3 Rc5 21.Qb3 Qd2 22.Bxf6 Qxe2
23.Rf2 Qc4 24.Qxc4 Nxc4 25.Be7 Rxf5 26.Bxf8 Kxf8 27.Rc1 Rc5 28.Rfc2 Bd5 29.b3 Nxa3
30.Rxc5 bxc5 31.Rxc5 Be6 32.Ra5 Nc2 33.Rxa7 Bxb3 34.Kf2 Nd4 35.Rd7 Nf5 36.Rb7 Be6
37.Ra7 g5 38.Rc7 Kg7 39.Ra7 Kf6 40.Ra5 Ne7 41.Rc5 Nd5 42.Ra5 Kg6 43.Ra4 h5
44.h3 h4 45.Rd4 Nf4 46.Rd6 Kf5 47.Rd8 Ke5 48.Rg8 Ng6 49.Ke3 Kf5 50.Re8 Nf4
51.Kf2 Nd5 52.Ra8 Nb6 53.Rd8 Ke5 54.Rd1 Nc4 55.Rd3 Bd5 56.Rd1 Kd6 57.Rd3 Kc5
58.Rd1 Ne5 59.Ke3 Ng6 60.Rc1+ Kd6 61.Rc8 Nf4 62.Kf2 Ke5 63.Rg8 f6 64.Re8+ Be6
65.Rd8 Nd5 66.Re8 Kd6 67.Ra8 Bf5 68.Ra1 Kc5 69.Ra8 Bd3 70.Rf8 Kd4 71.Re8 Bf5
72.Rf8 Bd3 73.Re8 Bc4 74.Re6 Bb3 75.Re4+ Kd3 76.Re6 Bc2 77.Rc6 Bb1 78.Ra6 Kd4
79.Re6 Bf5 80.Re8 Nb6 81.Rf8 Nd7 82.Re8 Kd5 83.Ra8 Be6 84.Ke3 Ke5 85.Ra4 Bd5
86.Ra5 Nf8 87.Ra4 Ne6 88.Ra6 Nf4  1/2-1/2

[Event "Orel2"]
[Site "Orel"]
[Date "1994.??.??"]
[Round "8"]
[White "Anapolsky, Sergey"]
[Black "Itkis, Boris"]
[Result "1-0"]
[WhiteElo "2455"]
[BlackElo "2455"]

1.d4 Nf6 2.c4 e6 3.Nc3 Bb4 4.Qc2 O-O 5.a3 Bxc3+ 6.Qxc3 b6 7.Bg5 c5 8.dxc5 bxc5
9.e3 a5 10.Bd3 h6 11.Bh4 d6 12.Ne2 Nbd7 13.O-O Bb7 14.Rad1 Ra6 15.f3 Ne5
16.Bb1 Ng6 17.Bf2 a4 18.Rd2 Qe7 19.Rfd1 Nh5 20.Bxg6 fxg6 21.e4 e5 22.Bxc5 dxc5
23.Rd7 Qf6 24.Rxb7 Rd6 25.Rd5 Rxd5 26.exd5 Qf5 27.Re7 Rb8 28.Qxe5 Qxe5 29.Rxe5 Rxb2
30.d6 Rd2 31.Rd5 Rxd5 32.cxd5 Kf7 33.Nc3 Ke8 34.Nxa4 Kd7 35.Nxc5+ Kxd6 36.Ne4+ Kxd5
37.g3 g5 38.Kf2 g6 39.a4 Ng7 40.a5 Kc6 41.Nf6 Kb5 42.Ng8 h5 43.Ne7 Kxa5 44.Ke3 Kb4
45.Ke4 Kc3 46.Ke5 Kd3 47.Kf6 Ke3 48.Kxg7 Kxf3 49.Kxg6 h4 50.Nf5  1-0

[Event "Orel2"]
[Site "Orel"]
[Date "1994.??.??"]
[Round "9"]
[White "Iskusnyh, Sergei"]
[Black "Anapolsky, Sergey"]
[Result "1/2-1/2"]
[WhiteElo "2450"]
[BlackElo "2455"]

1.d4 Nf6 2.c4 e6 3.Nc3 Bb4 4.Qc2 O-O 5.a3 Bxc3+ 6.Qxc3 b6 7.Bg5 Bb7 8.f3 h6
9.Bh4 d5 10.e3 Re8 11.Bd3 Nbd7 12.Ne2 c5 13.O-O Rc8 14.cxd5 Nxd5 15.Qe1 Qc7
16.Qd2 cxd4 17.exd4 N7f6 18.Rad1 Bc6 19.Nc3 Nxc3 20.bxc3 Nh5 21.Rfe1 Qf4
22.Qxf4 Nxf4 23.Ba6 Rc7 24.c4 g5 25.Bg3 Rd8 26.h4 Kg7 27.hxg5 hxg5 28.d5 exd5
29.cxd5 Rxd5 30.Rxd5 Bxd5 31.Re5 Rc1+ 32.Kh2 Bc4 33.Rxg5+ Ng6 34.Bb7 Kf6
35.Rg4 b5 36.Bc7 Rc3 37.Bd6 a5 38.Rd4 Rd3 39.Rxd3 Bxd3 40.Ba6 Ke6 41.Bc7 a4
42.Kg3 Kd5 43.Ba5 Kd4 44.Bb4 Ne5 45.Bb7 Bc4 46.Bf8 Bd5 47.Bg7 Bxb7 48.Kf4  1/2-1/2

[Event "Osterskan op"]
[Site "Osterskan"]
[Date "1994.??.??"]
[Round "?"]
[White "Eriksson, Johan"]
[Black "Ernst, Thomas"]
[Result "1/2-1/2"]
[WhiteElo "2280"]
[BlackElo "2485"]

1.d4 Nf6 2.c4 e6 3.Nc3 Bb4 4.Qc2 O-O 5.Nf3 c5 6.dxc5 Na6 7.g3 Nxc5 8.Bg2 b6
9.O-O Bb7 10.Rd1 Rc8 11.Bd2 Nce4 12.Nxe4 Bxe4 13.Qb3 Bxd2 14.Nxd2 Bxg2 15.Kxg2 Qc7
16.Rac1 Rfd8 17.Nf3 Qb7 18.Kg1 Rc5 19.Nd4 a6 20.a4 Rdc8 21.Qd3 d5 22.Nb3 Rxc4
23.Rxc4 dxc4 24.Qxc4 h6 25.Qd3 Qd5 26.Rc1 Rxc1+ 27.Nxc1 Qc6 28.Qd8+ Kh7 29.Qd3+ g6
30.Qd1 Qe4 31.Na2 Nd5 32.Nc3 Nxc3 33.bxc3 Qc4 34.Qc2 e5 35.f3 h5 36.Kg2 Kg7
37.Kf2 Qc5+ 38.Kf1 Qe3 39.c4 Qd4 40.Kg2 Kf6 41.a5 bxa5 42.c5 Qd7 43.c6 Qc7
44.Qc4 Ke7 45.Qxa6  1/2-1/2

[Event "HUN-ch U20"]
[Site "Paks"]
[Date "1994.??.??"]
[Round "?"]
[White "Varga, Peter"]
[Black "Fancsy, Imre"]
[Result "1-0"]
[WhiteElo "2330"]
[BlackElo "2400"]

1.d4 Nf6 2.c4 e6 3.Nc3 Bb4 4.Qc2 O-O 5.a3 Bxc3+ 6.Qxc3 b6 7.Nf3 Bb7 8.e3 Ne4
9.Qc2 f5 10.Be2 d6 11.O-O Nd7 12.b4 Rf6 13.d5 exd5 14.cxd5 Bxd5 15.Nd4 c5
16.Bc4 Bxc4 17.Qxc4+ Kh8 18.Nxf5 Rxf5 19.Qxe4 Qf8 20.Bb2 Re8 21.Qc2 Ne5 22.f3 d5
23.e4 dxe4 24.fxe4 Rxf1+ 25.Rxf1 Qd6 26.bxc5 bxc5 27.Qc3 h6 28.h3 Qd4+ 29.Qxd4 cxd4
30.Bxd4 Nc6 31.Bb2 Rxe4 32.Rf7 Re7 33.Bxg7+ Kh7 34.Rxe7 Nxe7 35.Bf8 Nc6 36.Kf2 h5
37.Ke3 Kg6 38.Ke4 Na5 39.Kd5 Kf5 40.Bd6 Nb3 41.Kc4 Nd2+ 42.Kb5 Ke6 43.Bc5 Ne4
44.Bxa7 Nc3+ 45.Kc4 Nd5 46.h4 Nf4 47.g3 Ne2 48.Bf2 Kf5 49.Kd3 Nc1+ 50.Kc2 Ne2  1-0

[Event "Pardubice op"]
[Site "Pardubice"]
[Date "1994.??.??"]
[Round "1"]
[White "Hybl, Jaroslav"]
[Black "Maksimenko, Andrei"]
[Result "0-1"]
[WhiteElo "2290"]
[BlackElo "2525"]

1.d4 Nf6 2.c4 e6 3.Nc3 Bb4 4.Qc2 O-O 5.a3 Bxc3+ 6.Qxc3 b6 7.Bg5 c5 8.dxc5 bxc5
9.Bxf6 Qxf6 10.Qxf6 gxf6 11.Nf3 Rd8 12.e3 Bb7 13.O-O-O d6 14.Be2 Kf8 15.Rhg1 Ke7
16.Nd2 Nd7 17.Bf3 Rab8 18.Bxb7 Rxb7 19.Kc2 a5 20.g4 a4 21.Rg3 Rdb8 22.Rb1 Kf8
23.h4 Ne5 24.f4 Nc6 25.g5 f5 26.h5 Kg7 27.Rg2 Na5 28.Re2 d5 29.cxd5 exd5
30.Ree1 Kf8 31.Rg1 Rb6 32.Rg3 R8b7 33.Rg2 Re6 34.Rg3 Rbe7 35.Nf1 Nb3 36.Rd1 d4
37.exd4 Nxd4+ 38.Kb1 Re1 39.Rd3 R7e4 40.Ng3 R4e3  0-1

[Event "PCA/Intel-GP"]
[Site "Paris"]
[Date "1994.??.??"]
[Round "1.5"]
[White "Sadler, Matthew"]
[Black "Vyzmanavin, Alexey"]
[Result "0-1"]
[WhiteElo "2560"]
[BlackElo "2610"]

1.d4 Nf6 2.c4 e6 3.Nc3 Bb4 4.Qc2 O-O 5.a3 Bxc3+ 6.Qxc3 b6 7.Bg5 c5 8.dxc5 bxc5
9.e3 d6 10.Bd3 Nbd7 11.Ne2 Qb6 12.Rd1 Bb7 13.f3 h6 14.Bh4 Rfe8 15.O-O d5
16.Rfe1 a5 17.Qc2 Ba6 18.b3 Rab8 19.Nc1 Rec8 20.Rd2 a4 21.bxa4 Qa5 22.Rdd1 Bxc4
23.Bxc4 dxc4 24.Bxf6 Nxf6 25.Qxc4 Nd5 26.Nd3 Nb6 27.Qc2 Qxa4 28.Rc1 c4 29.Qxa4 Nxa4
30.Nb4 Ra8 31.e4 c3 32.Re3 Ra7 33.Rd3 Rac7 34.Rc2 Nb2 35.Re3 Na4 36.Rd3 g5
37.h3 Kg7 38.Kh2 h5 39.h4 Kg6 40.hxg5 Kxg5 41.Kh3 Nb2 42.Re3 Kf4 43.Re1 Ke5
44.Rec1 Kd4 45.Kg3 Ra8 46.Ra1 Kc4 47.Rcc1 Kb3 48.Nc2 Rd7 49.Rab1 Rd2 50.Ne3 Rxa3
51.Nd1 Rxd1 52.Rxd1 c2 53.Rdc1 cxb1=Q 54.Rxb1 Kc2 55.Rh1 Ra5 56.Rh4 Nd3 57.f4 Kd2
58.e5 Ke3 59.Rxh5 Nxf4 60.Rh7 Ra7 61.Kg4 Ke4 62.g3 Ng6 63.Kg5 Nxe5 64.Rg7 Ra3
65.Kf6 Rf3+ 66.Ke7 Kd5 67.Rg8  0-1

[Event "Paris op"]
[Site "Paris"]
[Date "1994.??.??"]
[Round "4"]
[White "Gerard, Nicolas"]
[Black "De Sousa, Jose"]
[Result "1-0"]
[WhiteElo "2160"]
[BlackElo "2285"]

1.d4 e6 2.c4 Nf6 3.Nc3 Bb4 4.Qc2 O-O 5.a3 Bxc3+ 6.Qxc3 b6 7.Bg5 c5 8.dxc5 bxc5
9.e3 Bb7 10.f3 a5 11.Bd3 h6 12.Bh4 d6 13.Ne2 Nbd7 14.O-O Qb6 15.Rad1 d5 16.Kh1 Ba6
17.Rfe1 Rfb8 18.Rd2 Rb7 19.Rc1 Rc8 20.h3 a4 21.Bg3 Qa7 22.Qa5 d4 23.exd4 cxd4
24.Nxd4 Nc5 25.Nc6 Qa8 26.Qxc5  1-0

[Event "Paris"]
[Site "Paris"]
[Date "1994.??.??"]
[Round "9"]
[White "Relange, Eloi"]
[Black "Kosten, Anthony C"]
[Result "1/2-1/2"]
[WhiteElo "2420"]
[BlackElo "2515"]

1.d4 Nf6 2.c4 e6 3.Nc3 Bb4 4.Qc2 O-O 5.a3 Bxc3+ 6.Qxc3 b6 7.Nf3 Bb7 8.g3 Qe7
9.Bg2 d6 10.O-O Nbd7 11.b3  1/2-1/2

[Event "Polanica Zdroj op"]
[Site "Polanica Zdroj"]
[Date "1994.??.??"]
[Round "?"]
[White "Barwinski, Dionizy"]
[Black "Mochalov, Evgeny V"]
[Result "0-1"]
[WhiteElo "2250"]
[BlackElo "2450"]

1.d4 Nf6 2.c4 e6 3.Nc3 Bb4 4.Qc2 O-O 5.Nf3 c5 6.dxc5 Na6 7.a3 Bxc3+ 8.Qxc3 Nxc5
9.e3 a5 10.b3 d6 11.Bb2 e5 12.Be2 Nfe4 13.Qc2 Bf5 14.Qd1 Qb6 15.Nh4 Be6 16.Bd3 Nxd3+
17.Qxd3 Nc5 18.Qc2 Qxb3 19.Rc1 Qxb2  0-1

[Event "Rishon Le Ziyyon"]
[Site "Rishon Le Ziyyon"]
[Date "1994.??.??"]
[Round "6"]
[White "Alterman, Boris"]
[Black "Kosashvili, Yona"]
[Result "0-1"]
[WhiteElo "2585"]
[BlackElo "2545"]

1.d4 Nf6 2.c4 e6 3.Nc3 Bb4 4.Qc2 O-O 5.a3 Bxc3+ 6.Qxc3 h6 7.g3 d6 8.Nf3 a5
9.b3 Re8 10.Bb2 Nc6 11.Bg2 e5 12.d5 Ne7 13.O-O Bd7 14.Nd2 Qc8 15.Rfc1 Bh3
16.Bh1 Qg4 17.e4 Ng6 18.Qe3 Qh5 19.f3 Nd7 20.b4 f5 21.exf5 Qxf5 22.Ne4 Nf6
23.Bc3 Rf8 24.Bd2 axb4 25.axb4 Rxa1 26.Rxa1 b5 27.Nxf6+ Qxf6 28.cxb5 Ne7
29.Rc1 Nxd5 30.Qd3 Qf7 31.f4 Be6 32.Rf1 exf4 33.Qd4 Qh5 34.Bf3 Qg5 35.Re1 Bf7
36.Bxd5 Bxd5 37.Bxf4 Qf5 38.Re7 Rf7 39.Rxf7 Kxf7 40.h4 g5 41.hxg5 hxg5 42.Bd2 Kg6
43.Qe3 Kh5 44.Qe2+ Bf3 45.Qc4 d5 46.Qd4 Be4 47.Qg7 Kg4 48.Be3 Bd3 49.Kh2 Bxb5
50.Qxc7 Bc4 51.Qa7 Qf1 52.Bf2 Bd3 53.Qd7+ Bf5 54.Qa7 Be4 55.Qd7+ Kf3 56.Qf7+ Ke2  0-1

[Event "Saanen"]
[Site "Saanen"]
[Date "1994.??.??"]
[Round "4"]
[White "Gerber, Richard"]
[Black "Leutwyler, Martin"]
[Result "1/2-1/2"]
[WhiteElo "2355"]
[BlackElo "2210"]

1.d4 Nf6 2.c4 e6 3.Nc3 Bb4 4.Qc2 O-O 5.a3 Bxc3+ 6.Qxc3 d6 7.Bg5 Nbd7 8.e3 b6
9.Bd3 h6 10.Bh4 c5 11.Ne2 Ba6 12.O-O Rc8 13.Rac1 cxd4 14.exd4 d5 15.Qb3 dxc4
16.Bxc4 Bxc4 17.Rxc4 Rxc4 18.Qxc4 Qc8 19.Rc1 Qxc4 20.Rxc4 Nd5 21.Nc3 N7f6
22.Bxf6 Nxf6 23.Rc7 Rd8 24.Rxa7 Rxd4 25.Ra8+ Kh7 26.Ra6 Nd5 27.Kf1 Nxc3 28.bxc3 Rc4
29.Rxb6 Rxc3 30.a4 Rc4 31.a5 Ra4 32.Ra6 Ra2 33.Ra8 Kg6 34.a6 Kf6 35.Ke1 Kg6
36.h4 h5 37.g3 Kf5 38.f3 Ra3 39.Ke2 e5 40.a7 f6 41.Kd2 e4 42.Rh8 Rxa7 43.Rxh5+ Kg6
44.g4 exf3 45.Ke3 Ra3+ 46.Kf2  1/2-1/2

[Event "Schwaebisch Gmuend op"]
[Site "Schwaebisch Gmuend"]
[Date "1994.??.??"]
[Round "8"]
[White "Gohil, Harry"]
[Black "Wilde, Dennis"]
[Result "1-0"]
[WhiteElo "2280"]
[BlackElo "2120"]

1.d4 Nf6 2.c4 e6 3.Nc3 Bb4 4.Qc2 O-O 5.Nf3 d6 6.e3 b6 7.a3 Bxc3+ 8.Qxc3 Bb7
9.Be2 Nbd7 10.O-O Ne4 11.Qc2 f5 12.Ne1 c5 13.b3 cxd4 14.exd4 Qf6 15.Bb2 Qh6
16.Nd3 Rf6 17.Bc1 f4 18.f3 Ng5 19.Bxf4 Nh3+ 20.gxh3 Rxf4 21.Nxf4 Qxf4 22.Rad1 Rf8
23.Qd2 Qh4 24.Qe1 Qxh3 25.Qg3 Qh6 26.f4 Rf6 27.Bd3 Nf8 28.f5 exf5 29.Bxf5 Ng6
30.d5 Ne5 31.Be4 Bc8 32.Rxf6 Qxf6 33.Rf1 Qe7 34.Bf5 Bxf5 35.Rxf5 h6 36.Rf1 b5
37.Qh3 Qg5+ 38.Kh1 bxc4 39.bxc4 Kh7 40.c5 dxc5 41.Qf5+ Qxf5 42.Rxf5 Nc4 43.Rf4 Nb6
44.d6 Kg6 45.Kg2 Nd7 46.Kf3 Nf6 47.Ra4 Kf5 48.Rxa7 Ke6 49.Rxg7  1-0

[Event "St Ingbert op"]
[Site "St Ingbert"]
[Date "1994.??.??"]
[Round "5"]
[White "Kohlweyer, Bernd"]
[Black "Schmittdiel, Eckhard"]
[Result "0-1"]
[WhiteElo "2450"]
[BlackElo "2450"]

1.d4 Nf6 2.c4 e6 3.Nc3 Bb4 4.Qc2 O-O 5.a3 Bxc3+ 6.Qxc3 a5 7.Bg5 d6 8.e3 Qe7
9.Bd3 Re8 10.Ne2 h6 11.Bh4 e5 12.O-O-O e4 13.Bc2 Bg4 14.Rde1 Nbd7 15.h3 Bxe2
16.Rxe2 c6 17.Kd2 a4 18.Rc1 b5 19.Bb1 bxc4 20.Qxc4 c5 21.dxc5 Nxc5 22.Ke1 Rac8
23.Kf1 Qb7 24.Rd1 Nd3 25.Bxd3 Rxc4 26.Bxc4 g5 27.Bg3 d5 28.Ba2 Qb5 29.Ke1 Qa5+
30.Kf1 Qa6 31.Ke1 Rc8 32.Red2 Qa5 33.Ke2 d4 34.Rxd4 Rc2+ 35.R4d2 Qb5+ 36.Ke1 Qxb2
37.Rxc2 Qxc2 38.Rd2 Qc1+ 39.Ke2 Qxa3 40.Be5 Nd7 41.Bd6 Qc3 42.Bd5 a3 43.f3 Nb6  0-1

[Event "St Petersburg op2"]
[Site "St Petersburg"]
[Date "1994.??.??"]
[Round "7"]
[White "Iskusnyh, Sergei"]
[Black "Zakharov, Alexander S"]
[Result "1-0"]
[WhiteElo "2450"]
[BlackElo "2240"]

1.d4 Nf6 2.c4 e6 3.Nc3 Bb4 4.Qc2 O-O 5.a3 Bxc3+ 6.Qxc3 b6 7.Bg5 Bb7 8.f3 d5
9.e3 Nbd7 10.cxd5 exd5 11.Bd3 c5 12.Ne2 Re8 13.Bb5 Re6 14.O-O Qc8 15.b4 Ba6
16.Bxa6 Qxa6 17.Nf4 Rc6 18.Bxf6 Nxf6 19.bxc5 bxc5 20.dxc5 Qc4 21.Rfc1 Rxc5
22.Nxd5 Qxc3 23.Nxc3 g6 24.Ne2 Ra5 25.Nd4 Ra4 26.Nc6 Kf8 27.e4 Nd7 28.Rc3 Rc8
29.Rac1 Rc7 30.Kf2 Rb7 31.Nb4 Nb6 32.Ke3 Rd7 33.g4 h6 34.h4 Ra5 35.Nc6 Rb5
36.Nd4 Rb2 37.R3c2 Rxc2 38.Rxc2 Kg7 39.h5 Rb7 40.Rc6 Nd7 41.hxg6 fxg6 42.f4 Nf6
43.g5 Ng4+ 44.Kf3 Nh2+ 45.Kg3 Nf1+ 46.Kh4 Re7 47.gxh6+ Kh7 48.e5 Nd2 49.Kg4 Rd7
50.Ne6  1-0

[Event "EUCup Gr2"]
[Site "Strasbourg"]
[Date "1994.??.??"]
[Round "?"]
[White "Mohr, Stefan"]
[Black "Kurajica, Bojan"]
[Result "1/2-1/2"]
[WhiteElo "2455"]
[BlackElo "2565"]

1.d4 Nf6 2.c4 e6 3.Nc3 Bb4 4.Qc2 O-O 5.a3 Bxc3+ 6.Qxc3 d6 7.g3 e5 8.dxe5 dxe5
9.Bg2 Re8 10.Nf3 Nc6 11.Be3 Bg4 12.h3 Bf5 13.O-O Ne4 14.Qc1 h6 15.Rd1 Qf6
16.b3 a5 17.Qb2 Qe6 18.g4 Bh7 19.Rac1 Rad8 20.Rxd8 Rxd8 21.b4 axb4 22.axb4 Qf6
23.Kf1 Nd4 24.Rd1 Nc2 25.Rxd8+ Qxd8 26.Kg1 Nxe3 27.fxe3 f6 28.c5 Kh8 29.Kh2 c6
30.Nh4 Ng5 31.b5 e4 32.bxc6 Qc7+ 33.Kh1 Qxc6 34.Qd4 Ne6 35.Qd6 Qc8 36.c6 bxc6
37.Nf5 Bxf5 38.gxf5 Ng5 39.Qe7 Qxf5 40.h4 Nh3 41.Qe8+ Kh7 42.Qxc6 h5 43.Kh2 Nf2
44.Kg1 Kh6 45.Qe8 Ng4 46.Qh8+ Qh7 47.Qxh7+ Kxh7 48.Bxe4+ g6 49.Bd3 Nxe3 50.Kf2 Ng4+
51.Kg3 Kg7 52.Kf4 Ne5 53.Bc2 Kf7 54.Bb3+ Ke7 55.Bc2 Kd6 56.Bb1 Kc5 57.Ke3 Kc4
58.Ke4 Kc5 59.Ke3 Kd6 60.Ke4 Nd7 61.Kf4 Nf8 62.Ba2 Ne6+ 63.Ke4 f5+ 64.Kf3 Nd4+
65.Kf2 Ke5 66.e3 Nb5 67.Bf7 Kf6 68.Be8 Nd6 69.Bc6 f4 70.exf4 Nf5 71.Be4 Nxh4
72.Kg3 g5 73.fxg5+ Kxg5  1/2-1/2

[Event "SVK-chT"]
[Site "?"]
[Date "1994.??.??"]
[Round "?"]
[White "Debnar, Lubos"]
[Black "Hajek, J."]
[Result "1/2-1/2"]
[WhiteElo "2270"]
[BlackElo "2180"]

1.d4 e6 2.c4 Nf6 3.Nc3 Bb4 4.Qc2 O-O 5.Bg5 b5 6.cxb5 Bb7 7.e3 c6 8.Nf3 cxb5
9.Bd3 h6 10.Bh4 Qa5 11.Bxf6 gxf6 12.O-O Rc8 13.Qe2 Bxc3 14.bxc3 Rxc3 15.Bxb5 Na6
16.Rfc1 Rac8 17.Rxc3 Qxc3 18.Rb1 Be4  1/2-1/2

[Event "SVK-chT"]
[Site "?"]
[Date "1994.??.??"]
[Round "?"]
[White "Debnar, Lubos"]
[Black "Tibensky, Robert"]
[Result "0-1"]
[WhiteElo "2270"]
[BlackElo "2425"]

1.d4 Nf6 2.c4 e6 3.Nc3 Bb4 4.Qc2 O-O 5.Nf3 b6 6.e3 Bb7 7.Bd3 c5 8.Bd2 d6
9.Ne4 Bxd2+ 10.Nfxd2 cxd4 11.exd4 Nxe4 12.Bxe4 Bxe4 13.Qxe4 d5 14.cxd5 exd5
15.Qd3 Re8+ 16.Kf1 Nc6 17.h4 Qf6 18.Nf3 Re4 19.Rh3 h6 20.Rd1 Rae8 21.h5 Rf4
22.Kg1 Ree4 23.Rc1 Qe6 24.Qc3 Nxd4 25.Nxd4 Rxd4 26.Rg3 Qf6 27.f3 Rc4  0-1

[Event "SVK-chT"]
[Site "?"]
[Date "1994.??.??"]
[Round "?"]
[White "Balogh, Tomas"]
[Black "Hebelka, Milos"]
[Result "1/2-1/2"]
[WhiteElo "2175"]
[BlackElo "2145"]

1.d4 Nf6 2.c4 e6 3.Nc3 Bb4 4.Qc2 O-O 5.a3 Bxc3+ 6.Qxc3 Ne4 7.Qc2 f5 8.e3 b6
9.b4 d6 10.Bd3 Bb7 11.Nf3 Nd7 12.Bb2 Ndf6 13.h3 a5 14.O-O Qe7 15.Rac1 axb4
16.axb4 Rfc8 17.Ra1 Qe8 18.c5 Bd5 19.Ba6 Rd8 20.cxb6 cxb6 21.Qe2 g5 22.Bd3 g4
23.hxg4 Nxg4 24.Bxe4 Bxe4 25.Nh2 Nxh2 26.Kxh2 Bd5 27.f3 Rdc8 28.Rxa8 Rxa8
29.Ra1 Rxa1 30.Bxa1 b5 31.Qf2 Qh5+ 32.Kg1 Qg5 33.Bc3 Kf7 34.Bd2 Qf6 35.Qg3 Ke7
36.Kh2 Kd7 37.Qh3 Qf7 38.Qg3 Kc6 39.Qg5 Kc7 40.Be1 Kd7 41.Bh4 Qf8 42.Qf4 Qg7
43.Bg3 Qe7 44.Kg1 Kc6 45.Bh4 Qg7 46.Bg3 Qe7 47.Bh4 Qg7 48.Bg3 Qe7  1/2-1/2

[Event "SWE-chT 9394"]
[Site "SWE"]
[Date "1994.??.??"]
[Round "6"]
[White "Sjoberg, Mats"]
[Black "Engqvist, Thomas"]
[Result "1-0"]
[WhiteElo "2475"]
[BlackElo "2420"]

1.d4 Nf6 2.c4 e6 3.Nc3 Bb4 4.Qc2 O-O 5.a3 Bxc3+ 6.Qxc3 b6 7.Nf3 Bb7 8.g3 Ne4
9.Qc2 f5 10.Bg2 Nf6 11.O-O Be4 12.Qc3 d6 13.b3 Nbd7 14.Bb2 Qe8 15.b4 Qh5
16.a4 a5 17.b5 f4 18.gxf4 Qg4 19.Qe3 Bf5 20.h3 Qh5 21.Ng5 Rae8 22.Ra3 Qg6
23.Qg3 Nh5 24.Qh4 h6 25.e4 hxg5 26.fxg5 Bxh3 27.Rxh3 Nf4 28.Rh2 e5 29.Qg4 Re7
30.Bc1 Nd3 31.d5 N7c5 32.Be3 Nxa4 33.f4 exf4 34.Bxf4 Nac5 35.e5 dxe5 36.Be3 Rxf1+
37.Bxf1 a4 38.Qc8+ Qe8 39.Qh3 Qg6 40.Be2 Nb4  1-0

[Event "Wch U18"]
[Site "Szeged"]
[Date "1994.??.??"]
[Round "7"]
[White "Dao Thien Hai"]
[Black "Quinn, Mark"]
[Result "1-0"]
[WhiteElo "2495"]
[BlackElo "2305"]

1.d4 Nf6 2.c4 e6 3.Nc3 Bb4 4.Qc2 O-O 5.a3 Bxc3+ 6.Qxc3 b6 7.Bg5 Bb7 8.e3 d6
9.f3 c5 10.Bd3 Nbd7 11.Ne2 cxd4 12.exd4 Rc8 13.Qb3 h6 14.Bh4 Qc7 15.O-O Rfe8
16.Rac1 Qb8 17.Qd1 d5 18.Qd2 dxc4 19.Bxc4 a6 20.Bg3 Qa7 21.Bd3 b5 22.Bf2 Nd5
23.Nc3 Nxc3 24.d5 Qb8 25.dxe6 Rxe6 26.Rxc3 Rxc3 27.Qxc3 Qf4 28.Bb1 Nf6 29.Rd1 Rd6
30.Re1 Re6 31.Rxe6 fxe6 32.Bd4 Kf7 33.Qd3 Qg5 34.Be3 Qe5 35.b4 Bd5 36.Qd2 Bc4
37.Bd4 Qd6 38.Qe3 Nd7 39.Bc2 e5 40.Bc3 Be6 41.h4 Ke7 42.h5 Bf7 43.g4 Be6
44.Kf2 Bd5 45.f4 Qf6 46.Kg3 Qxf4+ 47.Qxf4 exf4+ 48.Kxf4 Nf6 49.Bd4 Be6 50.Bc5+ Kf7
51.Bg6+ Kg8 52.Bd4 Nxg4 53.Be4 Bc8 54.Bf3 Nf6 55.Ke5 Bg4 56.Bxg4 Nxg4+ 57.Kd6 Nf6
58.Kc6 Nxh5 59.Kb6 Nf4 60.Kxa6 h5 61.Kxb5 Kf7 62.a4 h4 63.a5 Ke6 64.a6 h3
65.a7 Nd5 66.Bg1 Kd7 67.Bh2  1-0

[Event "Szekszard op"]
[Site "Szekszard"]
[Date "1994.??.??"]
[Round "8"]
[White "Skomorokhin, Roman"]
[Black "Scekic, Milos"]
[Result "1-0"]
[WhiteElo "2425"]
[BlackElo "2290"]

1.d4 Nf6 2.c4 e6 3.Nc3 Bb4 4.Qc2 O-O 5.a3 Bxc3+ 6.Qxc3 b6 7.Bg5 Bb7 8.e3 h6
9.Bh4 d6 10.f3 Nbd7 11.Bd3 Qe8 12.Ne2 e5 13.Bc2 a5 14.O-O Nh7 15.Ba4 c6 16.Rad1 g5
17.Bf2 f5 18.dxe5 dxe5 19.e4 f4 20.c5 b5 21.Bb3+ Kg7 22.Rxd7+ Qxd7 23.Qxe5+ Nf6
24.Nd4 Rae8 25.Ne6+ Kh8 26.Nxf8 Rxe5 27.Nxd7 Nxd7 28.Bd4 Kg7 29.Be6  1-0

[Event "Tel Aviv ASA"]
[Site "Tel Aviv"]
[Date "1994.??.??"]
[Round "1"]
[White "Lev, Ronen"]
[Black "Bezold, Michael"]
[Result "1-0"]
[WhiteElo "2475"]
[BlackElo "2515"]

1.d4 Nf6 2.c4 e6 3.Nc3 Bb4 4.Qc2 O-O 5.a3 Bxc3+ 6.Qxc3 b6 7.Bg5 c5 8.dxc5 bxc5
9.e3 d6 10.Bd3 Nbd7 11.Nf3 a5 12.b3 Qb6 13.O-O Rb8 14.Rab1 Ba6 15.Rfd1 Rfc8
16.Bc2 Bb7 17.Bf4 e5 18.Bg3 Ne4 19.Qd3 Ndf6 20.Bh4 Rd8 21.Nd2 g5 22.Bxg5 Nxg5
23.Qf5 d5 24.Qxg5+ Kh8 25.Qxe5 Rg8 26.cxd5 Bxd5 27.e4 Rbe8 28.Qf5 Ba8 29.Nc4 Qe6
30.Qxe6 Rxe6 31.f3 Nh5 32.Kf2 Nf4 33.g3 Rh6 34.Rh1 Nh3+ 35.Ke3 f5 36.Rbd1 fxe4
37.f4 Nxf4 38.Kxf4 e3 39.Nxe3 Rf6+ 40.Nf5 Bxh1 41.Rxh1 Re6 42.Bd3 Rd8 43.Bc4 Ree8
44.a4 Rd2 45.g4 Rf2+ 46.Kg3 Rd2 47.Rf1  1-0

[Event "Balkaniad"]
[Site "Varna"]
[Date "1994.??.??"]
[Round "1"]
[White "Botsari Miladinovic, Anna Maria"]
[Black "Maric, Mirjana"]
[Result "0-1"]
[WhiteElo "2320"]
[BlackElo "2280"]

1.d4 Nf6 2.c4 e6 3.Nc3 Bb4 4.Qc2 O-O 5.a3 Bxc3+ 6.Qxc3 b6 7.Bg5 Bb7 8.f3 c5
9.dxc5 bxc5 10.Nh3 a5 11.Nf2 d6 12.Rd1 Ra6 13.Rd2 Nbd7 14.e3 a4 15.Be2 Re8
16.O-O Qc7 17.Qc2 Rea8 18.Nd1 Rb6 19.Nc3 Bc6 20.Bf4 e5 21.Bg5 h6 22.Bh4 Rab8
23.Rb1 Rb3 24.Qc1 R3b7 25.Qd1 Rb3 26.Be1 Ne8 27.Qc1 R3b7 28.Qc2 Nb6 29.Rbd1 Qe7
30.Bf2 Qe6 31.Ne4 Nc8 32.Rb1 g6 33.Nc3 Nb6 34.Nb5 Qe7 35.Rbd1 Bxb5 36.cxb5 d5
37.Rc1 Rc8 38.e4 d4 39.f4 exf4 40.Qd3 Nd6 41.Bf3 c4 42.Qe2 d3 43.Qe1 Qe5
44.g3 Nxb5 45.Kg2 fxg3 46.Bxg3 Qe6 47.e5 Rd7 48.Qe3 Kh7 49.Be4 Re8 50.Rf1 f5
51.exf6 Rf7 52.Re1 Rxf6 53.Qc5 Qd7 54.Be5 Rfe6 55.Bf3 h5 56.Kf2 Na7 57.Re3 Qf7
58.Kg2 Qf5 59.Qc7+ R8e7 60.Qd8 Rxe5 61.Rxe5 Rxe5 62.Qxb6 Qg5+ 63.Kf1 Nb5
64.Rf2 d2 65.Be2 Qe7 66.Bf3 Re1+ 67.Kg2 Qg5+  0-1

[Event "LTU-ch (Women)"]
[Site "Vilkaviskis"]
[Date "1994.??.??"]
[Round "12"]
[White "Dambravaite, Rita"]
[Black "Dambravaite, Asta"]
[Result "0-1"]
[WhiteElo "2180"]
[BlackElo "2145"]

1.d4 Nf6 2.c4 e6 3.Nc3 Bb4 4.Qc2 O-O 5.a3 Bxc3+ 6.Qxc3 b6 7.Nf3 Bb7 8.e3 d6
9.b4 Nbd7 10.Bb2 Ne4 11.Qc2 f5 12.Bd3 Qe8 13.O-O Qh5 14.Ne1 Rf6 15.f3 Rh6
16.g4 Qh4 17.fxe4 fxe4 18.Bxe4 Bxe4 19.Qe2 Nf6 20.Rf4 Rg6 21.Nf3 Rxg4+ 22.Rxg4 Qxg4+
23.Kf2 Rf8 24.Rg1 Bxf3  0-1

[Event "LTU-ch  Vilnius"]
[Site "Vilnius"]
[Date "1994.??.??"]
[Round "5"]
[White "Slekys, Emilis"]
[Black "Butnorius, Algimantas"]
[Result "1-0"]
[WhiteElo "2380"]
[BlackElo "2450"]

1.d4 Nf6 2.c4 e6 3.Nc3 Bb4 4.Qc2 O-O 5.a3 Bxc3+ 6.Qxc3 b6 7.Bg5 Bb7 8.f3 h6
9.Bh4 d6 10.e3 Nbd7 11.Nh3 c5 12.dxc5 bxc5 13.Be2 Qb6 14.O-O d5 15.Rfd1 a5
16.cxd5 exd5 17.b3 Rfe8 18.Bf1 Rac8 19.Bf2 g5 20.Kh1 Ne5 21.Ng1 g4 22.Qd2 Qe6
23.Bh4 Ng6 24.Bxf6 Qxf6 25.f4 Re7 26.Re1 Rce8 27.Bb5 Rc8 28.Ne2 d4 29.exd4 Nh4
30.d5 Rd8 31.Bc4 Ree8 32.Rad1 Nf5 33.Rc1 a4 34.Nc3 Ne3 35.Bb5 Qxf4 36.Bxe8 Rxe8
37.Nd1 Bxd5 38.Nxe3  1-0

[Event "LTU-ch  Vilnius"]
[Site "Vilnius"]
[Date "1994.??.??"]
[Round "13"]
[White "Ruzele, Darius"]
[Black "Kaunas, Kestutis"]
[Result "1-0"]
[WhiteElo "2515"]
[BlackElo "2325"]

1.d4 Nf6 2.c4 e6 3.Nc3 Bb4 4.Qc2 O-O 5.a3 Bxc3+ 6.Qxc3 d6 7.Bg5 Nbd7 8.f3 c5
9.dxc5 dxc5 10.Nh3 h6 11.Bh4 Re8 12.Nf2 e5 13.e3 b6 14.Bd3 Bb7 15.Bf5 Qc7
16.O-O-O Bc6 17.Rd2 g6 18.Bb1 Kg7 19.Rhd1 a6 20.Rd6 g5 21.Bg3 b5 22.Qc2 Rab8
23.Ng4 bxc4 24.Nxf6 Nxf6 25.Qf5  1-0

[Event "Vladivostok"]
[Site "Vladivostok"]
[Date "1994.??.??"]
[Round "8"]
[White "Kharlov, Andrei"]
[Black "Kiselev, Sergey"]
[Result "1-0"]
[WhiteElo "2530"]
[BlackElo "2460"]

1.d4 Nf6 2.c4 e6 3.Nc3 Bb4 4.Qc2 O-O 5.a3 Bxc3+ 6.Qxc3 b6 7.Bg5 Bb7 8.Nf3 h6
9.Bh4 d6 10.Nd2 Nbd7 11.e3 Rc8 12.b4 c5 13.dxc5 dxc5 14.b5 Re8 15.a4 a5 16.f3 e5
17.O-O-O Qe7 18.Be2 Nf8 19.g4 Rcd8 20.Bg3 Qe6 21.h3 Ng6 22.Rhg1 Rd7 23.Nb3 Red8
24.Rxd7 Rxd7 25.Rd1 Rxd1+ 26.Bxd1 h5 27.Nd2 hxg4 28.hxg4 e4 29.g5 Ne8 30.fxe4 Nd6
31.Bg4 Qe7 32.e5 Ne4 33.Nxe4 Bxe4 34.Bf4 Nf8 35.Qd2 Qb7 36.Qd8 Bf3 37.Bf5 Bh5
38.e6  1-0